000 00364nam a2200121Ia 4500
008 190216s9999||||xx |||||||||||||| ||und||
100 _aWilliam M Newman & Robert Sproull
245 0 _aPrinciples Of Interactive Computer Graphics
260 _bTata Mcgrawhill Publishers
_c2000
300 _a541p
650 _a"Computer Programming. Programs, Data"
942 _cBK
999 _c8700
_d8700